000 01585nam0a2200373 i 4500
001 RU\NLR\BIBL_A\010450408
005 20260406114157.0
010 _a9785699720286
_93000
021 _aRU
_b2014-44200
_92683
035 _a(NLR Aleph) 010450408
090 _a9925408
_c9925408
100 _a20140812d2014 u y0rusy50 ca
101 0 _arus
_ceng
_aeng
102 _aRU
105 _aa|||j|||000zy
200 1 _aДневники Адама и Евы
_dAdam's and Eve's diaries
_e[учебное пособие + CD]
_fМарк Твен
_g[пер. с англ. Н. Дарузес и др.
_gслов., упражнения, коммент. Я. Загорулько
_gил. Е. Пуляевой]
_zeng
210 _aМосква
_cЭксмо
_d2014
215 _a174, [1] с.
_cил.
_d22
225 1 _aБилингва
225 1 _aСлушаем, читаем, понимаем
300 _aАвт. также на англ. яз.: Mark Twain
300 _aТекст парал. на рус. и англ. яз.
316 _aCD-ROM отсутствует
_5NLR
333 _a6+
510 1 _6z22790
_aAdam's and Eve's diaries
_zeng
606 1 _aАнглийский язык
_jКниги для чтения
_9972309
_3RU\NLR\AUTH\6646032
686 1 _aШ143.21-93рус91
700 1 _8rus
_7ca
_aТвен
_bМ.
_f1835-1910
_gМарк
_3RU\NLR\AUTH\77201
_9110265
702 1 _aПуляева
_bЕ.
_4040
790 1 _8eng
_7ba
_aTwain
_bM.
_f1835-1910
_gMark
_3RU\NLR\AUTH\7759057
_941989
942 _cBOOK
980 _aNBR